Tilastot visalle Yleistieto #14

Klikkaa tästä pelataksesi tätä visaa!

Yleistilastot

  • Tätä visaa on pelattu 776 kertaa
  • Keskiarvotulos 7 / 15

Vastaustilastot

VinkkiVastaus% Oikein
Mikä oli Suomen rahayksikkö ennen euroa?Markka
97%
Kuka oli Suomen presidentti vuosina 2000-2012Tarja Halonen
97%
Minkä yhtyeen hitti on "Rusketusraidat"?PMMP
87%
Minkä kaupungin kaupunginosia ovat Olari, Tapiola ja Otaniemi?Espoon
84%
Kuka on kirjoittanut kirjan "Tuntematon Sotilas"?Väinö Linna
83%
Minkä maan johtaja oli Fidel Castro?Kuuban
80%
Mikä on Puolan toiseksi suurin kaupunki?Krakova
50%
Kuka on maalannut Kansallismuseon freskot?Akseli Gallen-Kallela
41%
Ketkä suunnittelivat Suomen Kansallismuseon Helsingissä?Eliel Saarinen
41%
Mikä vuoristo sijaitsee Pohjois-Afrikassa Algerian, Marokon ja Tunisian alueella?Atlas - vuoristo
23%
Kenen hitti on "Into the Groove"?Madonnan
21%
Mikä on Tokion entinen nimi?Edo
14%
Armas Lindgren
6%
Herman Gesellius
6%
Kuka ohjasi surrealistisen elokuvan "Andalusialainen Koira"?Luis Buñuel
6%

Tulosjakauma

Persentiili vastausten määrän mukaan

Jokaisen tuloksen saaneiden osuus

Tuloshistoriasi

Et ole pelannut tätä visaa